| 000 | 00504nam a22001697a 4500 | ||
|---|---|---|---|
| 003 | MACL | ||
| 005 | 20160204153035.0 | ||
| 008 | 160204b xxu||||| |||| 00| 0 eng d | ||
| 040 | _cMACL | ||
| 041 | _aHindi | ||
| 082 | _a020/SHA | ||
| 100 |
_aशर्मा बी. एन _936903 |
||
| 245 | _aसिद्धान्त एवं व्यवहार | ||
| 260 |
_aजयपुर _bपंचशील प्रकाशन _c1977 |
||
| 650 |
_aLibrary & Science _957 |
||
| 942 |
_2ddc _cHIN |
||
| 999 |
_c53233 _d53233 |
||